MANAGEMENT INFORMATION AND CONTROL SYSTE (Record no. 4917)
[ view plain ]
| 000 -LEADER | |
|---|---|
| fixed length control field | 00368nam a2200133Ia 4500 |
| 008 - FIXED-LENGTH DATA ELEMENTS--GENERAL INFORMATION | |
| fixed length control field | 240624s9999 xx 000 0 und d |
| 041 ## - LANGUAGE CODE | |
| Language code of text/sound track or separate title | eng |
| 082 ## - DEWEY DECIMAL CLASSIFICATION NUMBER | |
| Classification number | 658.4036 ICA |
| 100 ## - MAIN ENTRY--PERSONAL NAME | |
| Personal name | ICAI |
| 245 ## - TITLE STATEMENT | |
| Title | MANAGEMENT INFORMATION AND CONTROL SYSTE |
| 250 ## - EDITION STATEMENT | |
| Edition statement | Exch. |
| 260 ## - PUBLICATION, DISTRIBUTION, ETC. | |
| Date of publication, distribution, etc. | 2005 |
| Place of publication, distribution, etc. | Noida |
| Name of publisher, distributor, etc. | The Institute of Chartered Accountants of India |
| 300 ## - PHYSICAL DESCRIPTION | |
| Extent | 439 : p. : cm. ; 23 |
| Withdrawn status | Lost status | Damaged status | Not for loan | Home library | Current library | Shelving location | Date acquired | Full call number | Barcode | Date last seen | Price effective from | Koha item type |
|---|---|---|---|---|---|---|---|---|---|---|---|---|
| IMTN | IMTN | Rack 29-A | 03/11/2007 | 658.4036 ICA | 4917 | 06/24/2024 | 06/24/2024 | Books |